| 000 | 00460nam a22001817a 4500 | ||
|---|---|---|---|
| 003 | OSt | ||
| 005 | 20250630190607.0 | ||
| 008 | 250630b |||||||| |||| 00| 0 eng d | ||
| 040 | _cDLC | ||
| 050 |
_aKRX14. _b2001 |
||
| 110 | _aRepublic of Ghana | ||
| 245 | _aIndex to the Substantive Statutes of Ghana | ||
| 260 |
_aAccra ; _bAssembly Press ; _c2001 |
||
| 300 | _a169 pages | ||
| 500 | _aIncludes Index | ||
| 710 | _aRepublic of Ghana | ||
| 942 |
_2lcc _cBK _n0 |
||
| 999 |
_c6795 _d6795 |
||